| 000 | 00354nam a2200133Ia 4500 | ||
|---|---|---|---|
| 008 | 210210b1966 xxu||||| |||| 00| 0 eng d | ||
| 082 | _a370.78 SAMM | ||
| 100 | _aSAMANT (Dattatraya Govind). | ||
| 245 | _aMaking of educational research. | ||
| 260 |
_aBombay. _bPopular Prakashan., _c1966 |
||
| 300 | _aviii,92 | ||
| 690 | _aEducation | ||
| 906 | _aSG00546 | ||
| 999 |
_c112227 _d112227 |
||